Quick Pick: French Novels Quiz Stats

 Plays Quiz Updated Aug 14, 2016

Challenge
Share
Tweet
Embed
Score 0/15 Timer 01:30
2 Plays Today
% Correct
Hunchback
94.1%
Musketeers
94%
Earth
93%
Madame
90%
Lost
86.4%
Red
80.2%
Princess
61.4%
Shore
58.3%
% Correct
Night
49.9%
Fortune
43.9%
Persian
40.2%
Thérèse
35.2%
Eugénie
34.3%
Jean
31.3%
Manon
31%

Today's Daily Dose

Missing Word
Hayao Miyazaki

Word Ladder
Florida

On This Day
December 13th II

You're not logged in!

Compare scores with friends on all Sporcle quizzes.
OR
Log In

You Might Also Like...

Show Comments

Extras

Top Quizzes Today


Score Distribution

Your Account Isn't Verified!

In order to create a playlist on Sporcle, you need to verify the email address you used during registration. Go to your Sporcle Settings to finish the process.

Report this User

Report this user for behavior that violates our Community Guidelines.

Details: